Gender Diversity of Boards, Board Composition and Firm Performance
Zisťovanie, či má rodová príslušnosť v dozorných radách vplyv na ich výkonnosť. Multiciplitneá regresná analýza a všeobecná rovnica odhadu na vzorke z 98 finančných inštitúcií za obdobie r. 2006-2015. Použitá parametrická a neparametrická metodológia. Výsledky poukazujú na to, že rodová príslušnosť...
Saved in:
| Main Author: | |
|---|---|
| Other Authors: | , , |
| Format: | Book Chapter |
| Language: | English |
| Subjects: | |
| Tags: |
No Tags, Be the first to tag this record!
|
MARC
| LEADER | 00000nla a2200000 4500 | ||
|---|---|---|---|
| 001 | 0242090 | ||
| 005 | 20240416111600.4 | ||
| 041 | 0 | |a eng | |
| 044 | |a PT | ||
| 245 | 1 | 0 | |a Gender Diversity of Boards, Board Composition and Firm Performance |c Nebert Mandala, Erasmus Kaijage, Josiah Aduda, Cyrus Iraya |
| 520 | |a Zisťovanie, či má rodová príslušnosť v dozorných radách vplyv na ich výkonnosť. Multiciplitneá regresná analýza a všeobecná rovnica odhadu na vzorke z 98 finančných inštitúcií za obdobie r. 2006-2015. Použitá parametrická a neparametrická metodológia. Výsledky poukazujú na to, že rodová príslušnosť nemá významný vplyv na výkonnosť finančných inštitúcií. | ||
| 610 | 2 | 0 | |a ženy |
| 610 | 2 | 0 | |a muži |
| 610 | 2 | 0 | |a rady dozorné |
| 610 | 2 | 0 | |a rady správne |
| 610 | 2 | 0 | |a inštitúcie finančné |
| 610 | 2 | 0 | |a výkonnosť podniku |
| 610 | 2 | 0 | |a analýza regresná |
| 610 | 2 | 0 | |a analýza ekonometrická |
| 100 | 1 | |a Mandala, Nebert | |
| 700 | 1 | |a Kaijage, Erasmus | |
| 700 | 1 | |a Aduda, Josiah | |
| 700 | 1 | |a Iraya, Cyrus | |